Biostatistical analysis / (Record no. 330167)

000 -LEADER
fixed length control field 00900cam a2200253 a 4500
001 - CONTROL NUMBER
control field 4980967
003 - CONTROL NUMBER IDENTIFIER
control field NUST
005 - DATE AND TIME OF LATEST TRANSACTION
control field 20170612115101.0
008 - FIXED-LENGTH DATA ELEMENTS--GENERAL INFORMATION
fixed length control field 980706s1999 nju b 001 0 eng
010 ## - LIBRARY OF CONGRESS CONTROL NUMBER
LC control number 98034062
020 ## - INTERNATIONAL STANDARD BOOK NUMBER
International Standard Book Number 9788177585827
040 ## - CATALOGING SOURCE
Original cataloging agency DLC
Transcribing agency DLC
Modifying agency DLC
050 00 - LIBRARY OF CONGRESS CALL NUMBER
Classification number QH323.5
Item number .Z37 1999
082 00 - DEWEY DECIMAL CLASSIFICATION NUMBER
Classification number 570.15 ZAR
Edition number 21
100 1# - MAIN ENTRY--PERSONAL NAME
Personal name Zar, Jerrold H.,
Dates associated with a name 1941-
9 (RLIN) 2444
245 10 - TITLE STATEMENT
Title Biostatistical analysis /
Statement of responsibility, etc. Jerrold H. Zar.
250 ## - EDITION STATEMENT
Edition statement 4th ed.
260 ## - PUBLICATION, DISTRIBUTION, ETC.
Place of publication, distribution, etc. Upper Saddle River, N.J. :
Name of publisher, distributor, etc. Prentice Hall,
Date of publication, distribution, etc. c1999.
300 ## - PHYSICAL DESCRIPTION
Extent 1 v. (various pagings) :
Other physical details ill. ;
Dimensions 25 cm.
500 ## - GENERAL NOTE
General note P.B
504 ## - BIBLIOGRAPHY, ETC. NOTE
Bibliography, etc. note Includes bibliographical references and index.
650 #0 - SUBJECT ADDED ENTRY--TOPICAL TERM
Topical term or geographic name entry element Biometry.
9 (RLIN) 2442
906 ## - LOCAL DATA ELEMENT F, LDF (RLIN)
a 7
b cbc
c orignew
d 1
e ocip
f 19
g y-gencatlg
942 ## - ADDED ENTRY ELEMENTS (KOHA)
Source of classification or shelving scheme
Koha item type Book
Call number prefix 570.15 ZAR
Holdings
Withdrawn status Lost status Source of classification or shelving scheme Damaged status Not for loan Collection code Permanent Location Current Location Shelving location Date acquired Total Checkouts Full call number Barcode Date last seen Price effective from Koha item type
            Institute of Environmental Science and Engineering (IESE) Institute of Environmental Science and Engineering (IESE) General Stacks 06/12/2017   570.15 ZAR IESE-2790 06/12/2017 06/12/2017 Book
© 2023 Central Library, National University of Sciences and Technology. All Rights Reserved.